| 000 | 00478nab a2200145Ia 4500 | ||
|---|---|---|---|
| 003 | ES-SlBCS | ||
| 005 | 20210601133737.0 | ||
| 008 | 140529s2003 xxu||||| |||| 00| 0 por d | ||
| 041 | _apor | ||
| 100 | 1 |
_aTanuri, Leonor Maria _9209089 |
|
| 245 | 0 | 2 |
_aA formaçao docente no Brasil: história e política _c Leonor Maria Tanuri |
| 650 | 0 | 4 |
_aFormación de Profesores-Brasil _9209090 |
| 773 | 0 |
_tEducaçao e Filosofia _gvol. 17, nº. 34, 2003, págs. 253-264 _wRev1534 |
|
| 942 | _cAR | ||
| 999 |
_c601420 _d601420 |
||